| 000 | 00517nam a2200181Ia 4500 | ||
|---|---|---|---|
| 999 |
_c28188 _d28188 |
||
| 003 | OSt | ||
| 005 | 20201211143926.0 | ||
| 008 | 190216s9999||||xx |||||||||||||| ||und|| | ||
| 020 | _a817748026 | ||
| 040 | _coclc | ||
| 082 |
_a894.8124 _bUNI/G |
||
| 100 |
_aUniversity, Calicut _9635 |
||
| 245 | 0 |
_aGadya Kairali / _cCalicut University |
|
| 260 |
_bCalicut University Press, _aCalicut: _c2002. |
||
| 300 | _a120p | ||
| 650 | _aLekhanam | ||
| 942 |
_cBK _2ddc _h894.8124 _iUNI/G _k894.8124 _mUNI/G |
||